000 00921nam a22003017a 4500
003 CHAP
005 20220329134528.0
008 971013s1875 r 00010 d
010 _a21694
011 _a22666
035 _a26761
040 _cCHAP
082 _a638.2
_bB67
100 0 0 _aBoullenois, Fréderic de.
_914758
245 _aConseils aux nouveaux éducateurs de vers á soie
250 _a3 ed.
260 _aParis :
_bLibrairie Agricole de la Maison Rustique,
_c1875
300 _a248 p.
_b: ilus.
590 _aBATCH-UPD
_b10
_c20130110
_lUCH01
_h0259
590 _aBATCH-UPD
_b10
_c20130110
_lUCH01
_h2251
590 _aBATCH-UPD
_b10
_c20130409
_lUCH01
_h2330
590 _aBATCH-UPD
_b10
_c20130914
_lUCH01
_h0744
590 _aCONVERSION
_b10
_c20130109
_lUCH01
_h1313
650 1 4 _aSericicultura.
_9104546
901 _aBK
942 _cLIBRO
949 _a638.2 B67
_bBC
_cBPP
_d-61742
_eBPP
_h24813
_i26761
_si
999 _c21694
_d21694